Statistics for Most Famous Person from Each Tennessee High School by Picture

Click here to take the quiz!

General Stats

  • This quiz has been taken 16 times
  • The average score is 46 of 147

Answer Stats

Answer% Correct
Dwayne Johnson
100%
Taylor Swift
93%
Oprah Winfrey
79%
Patrick Johnson
79%
Reese Witherspoon
79%
Bill Bates
71%
Kathy Bates
71%
Hank Brown
64%
Kane Brown
64%
Kippy Brown
64%
Mack Brown
64%
Maurice White
64%
Rachel Smith
64%
Reggie White
64%
Terrico White
64%
Jelly Roll
57%
Ted Turner
57%
Van Jones
57%
Wynonna Judd
57%
Rampage Jackson
50%
Fredrick Davis
43%
Johnny Knoxville
43%
Keionta Davis
43%
Kesha
43%
Lincoln Davis
43%
Phillip Fulmer
43%
Shawn Marion
43%
Wayne Rogers
43%
Chris Parnell
36%
David Price
36%
Dennis Harrison
36%
Ermal Allen
36%
Leslie Jordan
36%
Marc Gasol
36%
Michael Oher
36%
Moneybagg Yo
36%
Mookie Betts
36%
Natalia Dyer
36%
Priscilla Presley
36%
Rhyne Howard
36%
Steve Spurrier
36%
Tee Higgins
36%
Amy Grant
29%
Bowden Wyatt
29%
Brenda Lee
29%
Chris Hardwick
29%
Chris Young
29%
D. D. Lewis
29%
Isaac Hayes
29%
Jalen Ramsey
29%
Jordan Bowden
29%
Julien Baker
29%
Kelsea Ballerini
29%
Lamar Alexander
29%
Leanne Morgan
29%
Lou Graham
29%
Mo Alexander
29%
Morgan Wallen
29%
Nate Bargatze
29%
NLE Choppa
29%
Olivia Hill
29%
Reggie Howard
29%
Reggie McKenzie
29%
Sonny Gray
29%
Tarik Black
29%
Tennessee Ernie Ford
29%
Thaddeus Young
29%
Van Jefferson
29%
Vonn Bell
29%
Young Dolph
29%
Aaron Fultz
21%
Alex Atkins
21%
Alysha Clark
21%
Andy Fletcher
21%
Ashley Harkleroad
21%
Bill Frist
21%
Bobby Dodd
21%
Brandon Curry
21%
Brent Rooker
21%
Carson Tinker
21%
Casey Prather
21%
Chad Finchum
21%
Chad Pennington
21%
Charles McRae
21%
C. J. Beathard
21%
Corey Brewer
21%
Cormac McCarthy
21%
Cory Fleming
21%
Cory Gearrin
21%
Cynthia Rhodes
21%
Danny Shirley
21%
Devin Harper
21%
Dinah Shore
21%
Dontari Poe
21%
Dustin Lynch
21%
Ellie Holcomb
21%
GloRilla
21%
Heather Armstrong
21%
Jabari Greer
21%
James Stewart
21%
Jeremaine Copeland
21%
Jeremy Jarmon
21%
Jerry Reese
21%
Jim Gilliam
21%
John Cooper
21%
John Hannah
21%
John Ray Clemmons
21%
Josef Newgarden
21%
Jovante Moffatt
21%
Katie Burrows
21%
Kevin Raper
21%
Kimberley Locke
21%
Kix Brooks
21%
K. Michelle
21%
Melanie Hutsell
21%
Montori Hughes
21%
Nikki McCray-Penson
21%
Park Overall
21%
Phil Everly
21%
Quinton Patton
21%
Randall Cobb
21%
Riley Gaines
21%
Robert Hassell III
21%
Robert Hubbs III
21%
Roy Acuff
21%
Shooter Jennings
21%
Tim Burchett
21%
Tim McCarver
21%
Tony Delk
21%
Travis Beacham
21%
Ty Simpson
21%
Wes Borland
21%
William Woods
21%
Will Wade
21%
Alan Cross
14%
Dan Uggla
14%
Hunter Stratton
14%
Jarnell Stokes
14%
John Duncan Sr.
14%
Kendall Anthony
14%
Lee McGeorge Durrell
14%
Lynnette Cole
14%
Machine Gun Kelly
14%
Mike Minor
14%
Nellie O'Donnell
14%
Rachel Boston
14%
Richard Halliburton
14%

Score Distribution

Percentile by Number Answered

Percent of People with Each Score

Your Score History

You have not taken this quiz